Tutanchamon : století záhad a objevů /
Zevrubný popis Tutanchamonových ostatků a artefaktů uložených v jeho hrobce, kterou roku 1922 objevil archeolog Howard Carter. Úvod je věnován životě a vládě tohoto faraona.
Uloženo v:
| Hlavní autor: | |
|---|---|
| Médium: | E-kniha |
| Jazyk: | Czech |
| Vydáno: |
Brno :
Jota,
2022
|
| Témata: | |
| On-line přístup: | Plný text - pro registrované uživatele NK ČR |
| Tagy: |
Žádné tagy |
| LEADER | 03220nam a2200709 i 4500 | ||
|---|---|---|---|
| 001 | 311787 | ||
| 003 | CZ PrSKC | ||
| 005 | 20260601215711.0 | ||
| 007 | ta | ||
| 008 | 221213s2022 xr abcee 000 0 cze | ||
| 015 | |a cnb003474019 | ||
| 020 | |a 9788076890527 |q (vázáno) | ||
| 035 | |a (OCoLC)1369539607 | ||
| 040 | |a ABA001 |b cze |e rda | ||
| 043 | |a f-ua--- |a e-uk-en | ||
| 045 | |a c6c6 | ||
| 072 | 7 | |a 902 |x Archeologie |2 Konspekt | |
| 080 | |a 929.731 |2 MRF | ||
| 080 | |a [80(=412)+908(32)]-051 |2 MRF | ||
| 080 | |a 902.2 |2 MRF | ||
| 080 | |a 902:904 |2 MRF | ||
| 080 | |a 726.821 |2 MRF | ||
| 080 | |a (32) |2 MRF | ||
| 080 | |a (410.1) |2 MRF | ||
| 080 | |a (620) |2 MRF | ||
| 080 | |a (048.8) |2 MRF | ||
| 100 | 1 | |a Bárta, Miroslav, |d 1969- |7 ola2002146301 |4 aut | |
| 245 | 1 | 0 | |a Tutanchamon : |b století záhad a objevů / |c Miroslav Bárta |
| 264 | 1 | |a Brno : |b Jota, |c 2022 | |
| 300 | |a 342 stran : |b ilustrace (převážně barevné), mapy, portréty, plány, 1 genealogická tabulka ; |c 24 cm | ||
| 336 | |a text |b txt |2 rdacontent | ||
| 336 | |a statický obraz |b sti |2 rdacontent | ||
| 337 | |a bez média |b n |2 rdamedia | ||
| 338 | |a svazek |b nc |2 rdacarrier | ||
| 500 | |a Chronologický přehled | ||
| 504 | |a Obsahuje bibliografii | ||
| 520 | 2 | |a Zevrubný popis Tutanchamonových ostatků a artefaktů uložených v jeho hrobce, kterou roku 1922 objevil archeolog Howard Carter. Úvod je věnován životě a vládě tohoto faraona. | |
| 600 | 0 | 7 | |a Tutanchamon, |c egyptský faraon, |d činný 1347-1338 př. Kr. |7 jn20030210005 |2 czenas |
| 600 | 1 | 7 | |a Carter, Howard, |d 1874-1939 |7 jn20000700286 |2 czenas |
| 600 | 0 | 9 | |a Tutankhamen, |c King of Egypt |2 eczenas |
| 648 | 7 | |a 14. století př. Kr. |7 ch460512 |2 czenas | |
| 648 | 7 | |a 19.-20. století |7 ch757015 |2 czenas | |
| 650 | 0 | 7 | |a panovníci |7 ph117250 |z starověký Egypt |y 14. století př. Kr. |2 czenas |
| 650 | 0 | 7 | |a egyptologové |7 ph119780 |z Anglie |y 19.-20. století |2 czenas |
| 650 | 0 | 7 | |a archeologické výzkumy |7 ph118577 |z Egypt |2 czenas |
| 650 | 0 | 7 | |a archeologické nálezy |7 ph137683 |z Egypt |2 czenas |
| 650 | 0 | 7 | |a hrobky |7 ph120859 |z starověký Egypt |2 czenas |
| 650 | 0 | 9 | |a kings and rulers |z ancient Egypt |y 14th century B.C. |2 eczenas |
| 650 | 0 | 9 | |a egyptologists |z England |y 19th-20th centuries |2 eczenas |
| 650 | 0 | 9 | |a excavations (archaeology) |z Egypt |2 eczenas |
| 650 | 0 | 9 | |a antiquities |z Egypt |2 eczenas |
| 650 | 0 | 9 | |a tombs |z ancient Egypt |2 eczenas |
| 651 | 7 | |a Údolí králů (Egypt) |7 ge171251 |2 czenas | |
| 651 | 9 | |a Valley of the Kings (Egypt) |2 eczenas | |
| 655 | 7 | |a monografie |7 fd132842 |2 czenas | |
| 655 | 9 | |a monographs |2 eczenas | |
| 856 | 4 | 1 | |u https://www.bookport.cz/AccountSaml/SignIn/?idp=https%3A%2F%2Fshibboleth.nkp.cz%2Fidp%2Fshibboleth&returnUrl=/kniha/tutanchamon-11211/ |y Plný text - pro registrované uživatele NK ČR |4 N |
| 900 | |a ABA001 |b 19 | ||
| 044 | |a xr | ||
| 910 | |a RBIT002 | ||
| 998 | |d 365357 |a https://core.palmknihy.cz/api/books/365357/cover?rmj18z |b https://core.palmknihy.cz/api/books/365357/cover/400?rmj18z |c https://core.palmknihy.cz/api/books/365357/cover/50?rmj18z |e 2028-01-31 |g 344 |i 9788076890527 |j https://core.palmknihy.cz/api/books/365357/preview.epub |l |q 49 |r 1 |s https://www.palmknihy.cz/kniha/365357 |t ebook |y 2022 |z 0 | ||
| 999 | |d 311785 | ||